| 000 | 00374 a2200169 4500 | ||
|---|---|---|---|
| 001 | 184058 | ||
| 020 | _a85-08-09457-4 | ||
| 040 | _cMagnum | ||
| 100 | _aScliar, Moacyr | ||
| 240 | 1 | 0 |
_aUm menino chamado moisés _lpor |
| 245 | 1 | 0 | _aUm menino chamado moisés |
| 300 | _a51 | ||
| 362 | 0 | _a2004 | |
| 440 | 1 | _aÁtica | |
| 697 | _aLITERATURA INFANTO-JUVENIL | ||
| 942 | _cBK | ||
| 999 |
_c184058 _d184058 |
||